000 00333nam a2200133Ia 4500
008 231129s1971||||xx |||||||||||||| ||spa||
040 _bspa
082 _aS861.1 A352
100 _aAlcina Franch Juan
245 0 _aRomancero antiguo : Romances amorosos y caballerescos
260 _c1971
264 _aJuventud
942 _2ddc
_cBKS
999 _c24162
_d24162